000 01608pam a2200397 i 4500
999 _c1695
_d1695
001 018017002
003 Uk
005 20230120102729.0
008 170411s2016 enka j b 000 1 eng
010 _a 2016479956
015 _aGBB6D0519
_2bnb
016 7 _a018017002
_2Uk
020 _a9781911091042 (pbk.) :
040 _aStDuBDS
_beng
_cStDuBDS
_dUk
_erda
042 _aukblcatcopy
082 0 0 _a823.92 EVA
_223
100 1 _aEvans, Tony
_c(Children's fiction writer),
_eadapter.
245 1 0 _aAnna Karenina /
_cLeo Tolstoy ; retold by Tony Evans ; illustrated by Maxim Larin.
264 1 _aStroud, Gloucestershire, UK :
_bReal Reads Ltd,
_c2016.
264 4 _c©2016
300 _a64 pages :
_bcolor illustrations ;
_c21cm
336 _atext
_btxt
_2rdacontent
337 _aunmediated
_bn
_2rdamedia
338 _avolume
_bnc
_2rdacarrier
500 _aFormerly CIP.
_5Uk
504 _aIncludes bibliographical references (pages 60-61).
520 _aAn abridged, easy-to-read retelling of the classic Russian story centered around Anna Karenina, a young woman who is destroyed when she attempts to live outside the moral law of her society. Includes "food for thought" and other supplementary materials.
650 1 _aConduct of life
_vFiction.
650 1 _aInterpersonal relations
_vFiction.
650 1 _aDating (Social customs)
_vFiction.
651 1 _aRussia
_xHistory
_y1801-1917
_vFiction.
655 0 _aChildren's stories.
700 1 _aLarin, Maxim,
_eillustrator.
700 1 _iAbridgment of (work)
_aTolstoy, Leo,
_cgraf,
_d1828-1910.
_tAnna Karenina.
_lEnglish.
942 _2ddc
_cNFIC